000 00403nam a2200157Ia 4500
003 Ost
005 20260225132559.0
008 260225s9999||||xx |||||||||||||| ||und||
040 _cfsic
041 _afre
082 _a302.23
100 _aRachida ZOUAIMIA
_eAuteur
245 0 _aLes instruments juridiques de la régulation économique en Algérie /
245 0 _cRachida ZOUAIMIA
942 _cكتاب
999 _c34632
_d34632